000 01129cam a2200205 4500
001 ##L132479
008 060213n2005 000 0 eng u
035 _a(Sirsi) u132479
041 0 _aeng
050 0 4 _a711.1429 $2 18
110 1 _aWales
_bNational Assembly for Wales
_94836
245 _aLocal development plans Wales
_h[electronic resource]
260 _aCardiff
_bNational Assembly for Wales
_c2005
520 _aContains guidance issued by the Welsh Assembly Government on the new Local Development Plans (LDPs) set to replace Unitary Development Plans (UDPs) in Wales. Also provides transitional provisions to allow certain authorities to continue work on their UDPs. An LDP manual and general advice for the public on the new arrangements will be published in the next few months.
590 _aIKA140206
651 4 _aWales
_y1998-2007
690 _aENVIRONMENTAL AND LAND CONSULTANCY-PLANNING AND DEVELOPMENT-PLANNING GUIDANCE-LOCAL DEVELOPMENT PLANS
856 4 0 _uhttps://wales.gov.uk/topics/planning/policy/developplans/LDPWales?lang=en
_zView the document free of charge at www.wales.gov.uk...
942 _n0
999 _c105147
_d105147